Austria OECD economic surveys 2000-2001

Uložené v:
Podrobná bibliografia
Médium: Kniha
Jazyk:English
Vydavateľské údaje: Paris OECD 2001
Edícia:Economics
Predmet:
Tagy: Pridať tag
Žiadne tagy, Buďte prvý, kto otaguje tento záznam!

MARC

LEADER 00000nam a2200000 4500
001 c130915
005 20221124105038.5
020 |a 92-64-196669-2 
022 |a 0376-6438 
041 0 |a eng 
044 |a AT 
245 1 0 |a Austria  |b OECD economic surveys 2000-2001 
264 1 |a Paris  |b OECD  |c 2001 
300 |a 159 s. 
490 1 |a Economics 
830 0 |a Economics 
610 2 0 |a situácia hospodárska 
610 2 0 |a reformy štruktúrne 
610 2 0 |a ukazovatele ekonomické 
610 2 0 |a ukazovatele štatistické 
610 2 0 |a Rakúsko 
610 2 0 |a 2000-2001 
610 2 0 |a rast hospodársky